Hal's House of Hats (Logic Puzzle) Quiz Stats

 Plays Quiz Updated Jul 5, 2014

Challenge
Share
Tweet
Score 0/25 Timer 15:00
2 Plays Today
Hat Cost % Correct


Baseball Cap

???
100%


Sun Hat


???
83.8%


Tinfoil Hat


???
75.8%


Coonskin Cap

???
73.3%


Sports Visor

???
53.8%


Fedora


???
52%


Sombrero


???
49.2%


Bowler Hat


???
48.9%


Party Hat


???
45.4%


Yarmulke


???
42.6%


Chef's Hat


???
42.4%


Bonnet


???
41%


Hairnet


???
39.1%
Hat Cost % Correct


Top Hat


???
38.8%


Beret


???
36.2%


Army Helmet

???
35.8%


Viking Helmet

???
35.6%


Propeller Beanie

???
33.5%


Hard Hat


???
33.1%


Jester Hat


???
31.6%


Ushanka


???
27.4%


Cowboy Hat

???
25%


Pirate Hat


???
24.6%


Beer Helmet

???
22.7%


Witch's Hat

???
22.3%

You're not logged in!

Compare scores with friends on all Sporcle quizzes.
Join for Free
OR
Log In

You Might Also Like...

Show Comments

Extras

Top Quizzes Today


Score Distribution

Your Account Isn't Verified!

In order to create a playlist on Sporcle, you need to verify the email address you used during registration. Go to your Sporcle Settings to finish the process.

Report this User

Report this user for behavior that violates our Community Guidelines.

Details: